| 000 | 01642cam a2200361 i 4500 | ||
|---|---|---|---|
| 003 | SA-RiAUC | ||
| 005 | 20250516154357.0 | ||
| 008 | 250515s2000 le g b 00110 ara c | ||
| 040 |
_aKW-ShULA _bara _cSA-RiAUC _erda |
||
| 050 | 0 | 4 | _bI2622. 2000 |
| 082 | 0 | 4 |
_a252.5 _qSA-RiAUC |
| 090 |
_a252.5 _b ا ب ن ا |
||
| 100 | 1 |
_aابن أبي عروبة، سعيد بن أبي عروبة مهران، _dتوفي 156 هجري _eمؤلف. |
|
| 245 | 1 | 0 |
_aكتاب المناسك / _cسعيد بن أبي عروبة العدوي ؛ تحقيق عامر حسن صبري. ويليه كتاب القضاء / سريج بن يونس البغدادي. |
| 246 | 3 | 0 | _aالمناسك |
| 250 | _aالطبعة الأولى. | ||
| 264 | 1 |
_aبيروت : _bدار البشائر الإسلامية، _c2000 |
|
| 300 |
_a323 صفحة ؛ _c24 سم. |
||
| 336 |
_aنص _btxt _2rdacontent _3كتاب |
||
| 337 |
_aبدون وسيط _bn _2rdamedia |
||
| 338 |
_aمجلد _bnc _2rdacarrier |
||
| 490 | 1 |
_aالأجزاء والكتب الحديثية ؛ _v14، 15 |
|
| 500 | _aيشتمل على إرجاعات ببليوجرافية وكشافات. | ||
| 500 | _aيشتمل على إرجاعات ببليوجرافية. | ||
| 500 | _aيشتمل على كشافات. | ||
| 650 | 7 |
_aالحج (فقه إسلامي) _xمناسك _2aucsh |
|
| 650 | 7 |
_aالعبادات (فقه إسلامي) _2aucsh |
|
| 700 | 1 |
_aصبري، عامر حسن _eمحقق. |
|
| 700 | 1 | 2 |
_aالبغدادي، سريج بن يونس بن إبراهيم، _dتوفي 235 هجري |
| 740 | 2 | 2 | _aالقضاء. |
| 942 |
_2ddc _cBOOK _n0 |
||
| 949 |
_aSA-JeALM _d250515 _uosman123 _n1 |
||
| 999 |
_c7985 _d7985 |
||